<?xml version="1.0" encoding="UTF-8"?>
<record
    xmlns:xsi="http://www.w3.org/2001/XMLSchema-instance"
    xsi:schemaLocation="http://www.loc.gov/MARC21/slim http://www.loc.gov/standards/marcxml/schema/MARC21slim.xsd"
    xmlns="http://www.loc.gov/MARC21/slim">

  <leader>00980na  a2200265   4500</leader>
  <controlfield tag="001">23863</controlfield>
  <controlfield tag="003">MIRAKIL</controlfield>
  <controlfield tag="005">20181213155300.0</controlfield>
  <controlfield tag="008">180108b        tu            000 0      </controlfield>
  <datafield tag="020" ind1=" " ind2=" ">
    <subfield code="a">9786056539671</subfield>
  </datafield>
  <datafield tag="040" ind1=" " ind2=" ">
    <subfield code="a">Milas</subfield>
    <subfield code="b">tur</subfield>
    <subfield code="c">TR-AnCHP</subfield>
  </datafield>
  <datafield tag="041" ind1=" " ind2=" ">
    <subfield code="a">tur</subfield>
  </datafield>
  <datafield tag="082" ind1=" " ind2=" ">
    <subfield code="a">305.4209561</subfield>
    <subfield code="b">B94t 2015</subfield>
  </datafield>
  <datafield tag="090" ind1=" " ind2=" ">
    <subfield code="a">305.4209561 B94t 2015</subfield>
  </datafield>
  <datafield tag="100" ind1=" " ind2=" ">
    <subfield code="a">B&#xFC;ker, Hasan</subfield>
  </datafield>
  <datafield tag="245" ind1=" " ind2=" ">
    <subfield code="a">T&#xFC;rkiye kad&#x131;na kar&#x15F;&#x131; &#x15F;iddetle m&#xFC;cadelede nerede?</subfield>
    <subfield code="b">BM model mevzuat &#xE7;er&#xE7;evesi ile kar&#x15F;&#x131;la&#x15F;t&#x131;rmal&#x131; analiz</subfield>
    <subfield code="c">Hasan B&#xFC;ker, K&#xFC;bra G&#xFC;ltekin, Emel Baykal Benlio&#x11F;lu</subfield>
  </datafield>
  <datafield tag="246" ind1=" " ind2=" ">
    <subfield code="a">BM model mevzuat &#xE7;er&#xE7;evesi ile kar&#x15F;&#x131;la&#x15F;t&#x131;rmal&#x131; analiz</subfield>
  </datafield>
  <datafield tag="260" ind1=" " ind2=" ">
    <subfield code="a">Ankara</subfield>
    <subfield code="b">Global Politika ve Strateji Yay&#x131;nlar&#x131;</subfield>
    <subfield code="c">2015</subfield>
  </datafield>
  <datafield tag="300" ind1=" " ind2=" ">
    <subfield code="a">111 s.</subfield>
    <subfield code="b">res., grf., &#x15F;kl., tbl.</subfield>
    <subfield code="c">27 sm.</subfield>
  </datafield>
  <datafield tag="650" ind1=" " ind2=" ">
    <subfield code="a">&#x15E;iddet</subfield>
    <subfield code="x">Kad&#x131;nlar</subfield>
    <subfield code="z">T&#xFC;rkiye</subfield>
  </datafield>
  <datafield tag="700" ind1=" " ind2=" ">
    <subfield code="a">Benlio&#x11F;lu, Emel Baykal</subfield>
  </datafield>
  <datafield tag="700" ind1=" " ind2=" ">
    <subfield code="a">G&#xFC;ltekin, K&#xFC;bra</subfield>
  </datafield>
  <datafield tag="740" ind1=" " ind2=" ">
    <subfield code="a">BM model mevzuat &#xE7;er&#xE7;evesi ile kar&#x15F;&#x131;la&#x15F;t&#x131;rmal&#x131; analiz</subfield>
  </datafield>
  <datafield tag="942" ind1=" " ind2=" ">
    <subfield code="2">ddc</subfield>
    <subfield code="c">BKS</subfield>
  </datafield>
  <datafield tag="952" ind1=" " ind2=" ">
    <subfield code="a">0001</subfield>
    <subfield code="b">0001</subfield>
    <subfield code="d">2018-01-08</subfield>
    <subfield code="e">2</subfield>
    <subfield code="l">0</subfield>
    <subfield code="o">305.4209561 B94t 2015</subfield>
    <subfield code="p">017842</subfield>
    <subfield code="r">2018-01-08 00:00:00</subfield>
    <subfield code="v">0.00</subfield>
    <subfield code="w">2018-01-08</subfield>
    <subfield code="y">BKS</subfield>
  </datafield>
  <datafield tag="999" ind1=" " ind2=" ">
    <subfield code="c">9886</subfield>
    <subfield code="d">9886</subfield>
  </datafield>
</record>
